Geography and History of Greece on a Map - Statistics

General Stats
  • This quiz has been taken 284 times
  • The average score is 19 of 100
Answers on the Map
Answers color-coded by a green-red scale on the quiz's map according to % correct below.
 
Answer Stats
Answer % Correct
Athens
94%
Thessaloniki
77%
Peloponnese
61%
Heraklion
60%
Delphi
56%
Corinth Canal
53%
Patras
44%
Euboea
42%
Agora
41%
Acropolis
40%
Mount Athos
40%
Epirus
38%
Mount Ida
38%
Hippocrates
37%
Mykonos
37%
Naxos
37%
Larissa
36%
Palace of Minos
36%
Zakynthos
36%
Samos
35%
Cephalonia
34%
Piraeus
34%
Thessaly
33%
Battle of Salamis
29%
Battle of Thermopylae
29%
Chania
29%
Aesop
28%
Doric / Ionic / Corinthian
27%
Ioannina
27%
Doménikos Theotokópoulos
26%
Kos
26%
Western Macedonia
26%
Pindus Mountains
24%
Volos
24%
Hoplite
23%
Meteora
23%
Aristophanes
22%
Lemnos
21%
Alexandroupolis
18%
Mycenae
18%
Xanthi
18%
Kavala
17%
Battle of Navarino
16%
Icaria
16%
Battle of Lepanto
15%
Eastern Macedonia and Thrace
15%
Samothrace
15%
Xenophon
15%
Aegina
13%
Evros River
13%
Preveza
12%
Skyros
12%
Eleftherios Venizelos
11%
Hydra
11%
Olive Wreath
11%
Siege of Melos
11%
Trikala
11%
Ancient Theatre of Epidaurus
10%
Katerini
10%
Nikos Kazantzakis
10%
Peristeri
10%
Acharnes
9%
Constantine Cavafy
9%
Eratosthenes
9%
Ioannis Kapodistrias
9%
Kallithea
9%
Miltiades
9%
Monemvasia
9%
Skopelos
9%
Syntagma Square
9%
Veria
9%
Achelous River
8%
Kalamaria
8%
Kythnos
8%
Mount Pelion
8%
Parga
8%
Epaminondas
7%
Third Siege of Missolonghi
6%
Battle of Pelagonia
5%
Battle of Rethymno
5%
Lake Prespa
5%
Mount Ainos
5%
Pytheas
5%
Theodoros Zagorakis
5%
Alfeios River
4%
Amfissa
4%
Constantin Carathéodory
4%
Mount Kyllini
4%
Siege of Eretria
4%
Battle of Yenidje
3%
Kyriaki Papadopoulou
3%
Lake Pikrolimni
3%
Propylaea
3%
Temple of Aphaia
3%
Blue Caves
2%
Hosios Loukas
2%
Leonidas of Rhodes
2%
Platamon Castle
2%
Tzoumerka National Park
2%
Mount Tymphe
1%
No matching quizzes found
Score Distribution
Percent of People with Each Score
Percentile by Number Answered
Your Score History
You have not taken this quiz